[Event "Caioba Telecom op"]
[Site "Caioba"]
[Date "2018.08.04"]
[Round "8"]
[White "Sirahata Hasegava, Flavia"]
[Black "Francisco, Elton Paulo"]
[Result "1/2-1/2"]
[WhiteElo "1514"]
[BlackElo "1699"]
[PlyCount "177"]
[EventDate "2018.08.01"]
[EventType "swiss"]
[EventRounds "9"]
[EventCountry "BRA"]
[SourceTitle "CBM 186 Extra"]
[Source "ChessBase"]
[SourceDate "2018.08.24"]
[SourceVersion "1"]
[SourceVersionDate "2018.08.24"]
[SourceQuality "1"]

1. e4 c6 2. d4 d5 3. Nc3 dxe4 4. Nxe4 Bf5 5. Ng3 Bg6 6. h4 h6 7. h5 Bh7 8. Nf3 e6 9. Bd3 Bxd3 10. Qxd3 Bd6 11. Ne4 Nf6 12. Nxd6+ Qxd6 13. Ne5 Nbd7 14. Bf4 Nxe5 15. Bxe5 Qb4+ 16. Qc3 Qxc3+ 17. bxc3 0-0 18. Bxf6 gxf6 19. Rb1 b5 20. Rh3 Kh7 21. Rf3 f5 22. Kf1 Rg8 23. Rb4 Rg5 24. a4 Rxh5 25. axb5 Rh1+ 26. Ke2 Rc1 27. Kd2 Rg1 28. g3 cxb5 29. Rxb5 a5 30. c4 a4 31. Ra3 Rf1 32. Ke2 Rc1 33. Rb2 Rd8 34. c3 Rc8 35. c5 e5 36. Rxa4 Rxc3 37. dxe5 R8xc5 38. Rf4 Rxe5+ 39. Kf1 Kg6 40. Rb6+ f6 41. Rb8 Rc1+ 42. Kg2 Ree1 43. Rg8+ Kf7 44. Rh8 Rg1+ 45. Kf3 Kg7 46. Rd8 Rc3+ 47. Ke2 Rc5 48. Rd7+ Kg6 49. Rd8 Rc2+ 50. Kf3 Rf1 51. Kg2 Re1 52. Rg8+ Kf7 53. Rh8 Kg7 54. Rd8 Re5 55. Rd7+ Kg6 56. Rd8 Rc7 57. Rg8+ Rg7 58. Rd8 Re4 59. Rd4 Rge7 60. Rc4 Rxc4 61. Rxc4 Re4 62. Rc8 Re7 63. Kf3 Rb7 64. Rc4 Kg5 65. Rc8 Rb3+ 66. Kg2 f4 67. gxf4+ Kxf4 68. Rg8 Rb5 69. Rf8 Rg5+ 70. Kf1 f5 71. Rc8 Rg6 72. Rc4+ Kg5 73. Kg2 f4 74. Kf3 Rf6 75. Rc8 h5 76. Rg8+ Kf5 77. Rh8 Kg5 78. Rg8+ Kh4 79. Rg1 Rf7 80. Rh1+ Kg5 81. Rg1+ Kh6 82. Rh1 Rf5 83. Rh2 Kg6 84. Rg2+ Rg5 85. Rh2 Kf5 86. Rh4 Kg6 87. Rxf4 Rf5 88. Rxf5 Kxf5 89. Kg3 1/2-1/2

[Event "Caioba Telecom op"]
[Site "Caioba"]
[Date "2018.08.02"]
[Round "4"]
[White "Branchini, Fernando Luis Sakam"]
[Black "Francisco, Elton Paulo"]
[Result "1-0"]
[WhiteElo "1930"]
[BlackElo "1699"]
[PlyCount "45"]
[EventDate "2018.08.01"]
[EventType "swiss"]
[EventRounds "9"]
[EventCountry "BRA"]
[SourceTitle "CBM 186 Extra"]
[Source "ChessBase"]
[SourceDate "2018.08.24"]
[SourceVersion "1"]
[SourceVersionDate "2018.08.24"]
[SourceQuality "1"]

1. e4 c6 2. d4 d5 3. exd5 cxd5 4. Bd3 Qb6 5. h3 Bd7 6. Nf3 Nc6 7. c3 e6 8. 0-0 Nf6 9. Re1 Bd6 10. Ne5 Qc7 11. f4 Ne7 12. Nd2 Ng6 13. Ndf3 Nh5 14. Nxf7 Kxf7 15. Ng5+ Kf6 16. Qxh5 Rae8 17. Nxh7+ Rxh7 18. Qxg6+ Ke7 19. Qxh7 Kd8 20. Qxg7 Bxf4 21. Qf6+ Kc8 22. Bxf4 e5 23. Rxe5 1-0

[Event "Foz do Iguacu op 3rd"]
[Site "Foz do Iguacu"]
[Date "2015.12.12"]
[Round "3"]
[White "Francisco, Elton Paulo"]
[Black "De Camargo, Allisson Luis"]
[Result "0-1"]
[WhiteElo "1709"]
[BlackElo "1798"]
[PlyCount "54"]
[EventDate "2015.12.11"]
[EventType "swiss"]
[EventRounds "6"]
[EventCountry "BRA"]
[SourceTitle "EXT 2017"]
[Source "ChessBase"]
[SourceDate "2016.10.25"]
[SourceVersion "1"]
[SourceVersionDate "2016.10.25"]
[SourceQuality "1"]

1. c4 d5 2. d4 e6 3. c5 e5 4. Nf3 exd4 5. Qxd4 Nc6 6. Qe3+ Be7 7. Nd4 Nf6 8. Nxc6 bxc6 9. Qg3 0-0 10. b4 Ne4 11. Qb3 a5 12. Qb2 axb4 13. Nd2 Nxc5 14. Qc2 Na4 15. Rb1 Nb2 16. Rxb2 c5 17. g3 c4 18. Nf3 Bd7 19. Bg2 Ba4 20. Qf5 Bf6 21. Ne5 g6 22. Nxg6 hxg6 23. Qg4 Bxb2 24. f4 Bc3+ 25. Kf2 Bd7 26. Qf3 c6 27. g4 Qh4+ 0-1

[Event "Foz do Iguacu op 5th"]
[Site "Foz do Iguacu"]
[Date "2015.06.07"]
[Round "5"]
[White "Francisco, Elton Paulo"]
[Black "Pinanez, Miguel Augusto Fran"]
[Result "1/2-1/2"]
[WhiteElo "1801"]
[BlackElo "1682"]
[PlyCount "52"]
[EventDate "2015.06.05"]
[EventType "swiss"]
[EventRounds "6"]
[EventCountry "BRA"]
[SourceTitle "CBM 166 Extra"]
[Source "ChessBase"]
[SourceDate "2015.06.18"]
[SourceVersion "1"]
[SourceVersionDate "2015.06.18"]
[SourceQuality "1"]

1. c4 f5 2. Nc3 Nf6 3. g3 g6 4. Bg2 Bg7 5. e3 d6 6. Nge2 0-0 7. d4 Qe8 8. Qb3 c6 9. d5 Na6 10. dxc6 bxc6 11. c5+ Kh8 12. cxd6 exd6 13. Qa4 d5 14. Nd4 Bb7 15. b4 Nc7 16. Ba3 Rg8 17. b5 cxb5 18. Ncxb5 Nxb5 19. Qxb5 Qxb5 20. Nxb5 Ne4 21. Rb1 Ba6 22. Bxe4 dxe4 23. 0-0 Rgb8 24. Nc7 Bxf1 25. Rxf1 a5 26. Nxa8 Rxa8 1/2-1/2